La Réponse est une station du métro parisien. - Statistiques

Statistiques générales
  • Ce quiz a été pris 230 fois
  • Le résultat moyen est 9 sur 18
Statistiques - réponses
Indice Réponse Ligne(s) % Correct
Elle n'est pas noire Blanche, 2
93%
Le plus jeune dans une fraterie Cadet 7
90%
Chaine de montagnes française Pyrénées 11
79%
Célèbre hachis Parmentier 3
73%
Couple adepte du nobel Pierre et Marie Curie 7
72%
Ecoles telles que HEC, ESSEC, EDHEC Commerce 8
61%
Célèbre pour son engagement dans la révolutionet son envie de couper des têtes Robespierre Paris transit icons - Métro 9
59%
Il en existe une infinité Etoile Paris transit icons - Métro 1 - 2- 6
53%
Assassiné à la veille de la 1ère guerre mondiale Jaurès 2-5-7b
46%
Pâtisserie au chocolat Opéra 7-8-9
39%
Plante qui sent particulièrement bon Jasmin 9
35%
Jolie bourgade Belleville 2 - 11
34%
Le lyon de Belfort Denfert Rochereau 4-6
32%
On le retrouve à côté du boucher et du fleuriste au marché Poissoniers 4 - 12
30%
Femme rouge Louise Michel 3
24%
Il voulait être César, il ne fut que Pompée Félix Faure 8
18%
" .........., nous voila" Lafayette 7-9
18%
Il a remplacé le Pony Express Télégraphe 11
15%
Aucun quiz correspondant
Distribution des résultats
% des personnes avec chaque résultat
Percentile par nombre de réponses
Votre historique - résultats
Vous n’avez pas pris ce quiz